Quiz sur le Vaucluse - Statistiques

Statistiques générales
  • Ce quiz a été pris 317 fois
  • Le résultat moyen est 15 sur 20
Statistiques - réponses
Question Réponse % Correct
Numéro du département 84
99%
Région Provence-Alpes-Côted'Azur
98%
Préfecture et plus grande ville Avignon
97%
Deuxième ville du Vaucluse connue pour son théâtre romain, un des mieux conservés du monde. Orange
90%
Bouches-du-Rhône
88%
Gard
87%
Fruit qui fait la renommée de Cavaillon, proclamé capitale de celui-ci. Melon
85%
Var
83%
Point culminant du Vaucluse surnommé le Géant de Provence. Mont Ventoux
82%
Drôme
78%
Carpentras
76%
Titre porté par sept personnes ayant vécu dans le palais de la préfecture au XIVème siècle. Pape
76%
Départements limitrophes Alpes-de-Haute-Provence
71%
Ardèche
71%
Sous-préfectures Apt
61%
Gentilé Vauclusiens
61%
Parc naturel régional du sud du département connue pour ses villages typiques comme Gordes et ses champs de lavandes. Parc naturel régional du Luberon
59%
Chanteur du Vaucluse connu pour sa participation à la comédie musicale Le Roi Soleil ou sa chanson Parce qu'on sait jamais. Christophe Maé
53%
Monastère cistercien faisant partie des ''Trois sœurs provençales''. Abbaye Notre-Dame de Sénanque
30%
Nombre d'habitants (arrondi à la dizaine de milliers d'habitants) 560 000 (559 479)
22%
Aucun quiz correspondant
Distribution des résultats
% des personnes avec chaque résultat
Percentile par nombre de réponses
Votre historique - résultats
Vous n’avez pas pris ce quiz